[Event "Tournoi échelle champions"]
[Site "www.echecsemail.com"]
[Date "2026.02.14"]
[Round "1"]
[White "Verson"]
[Black "Elghribi"]
[WhiteElo "1810"]
[BlackElo "1920"]
[Result "0-1"]
1.d4 Ng8f6
2.Ng1f3 g6
3.Bc1f4 Bf8g7
4.e3 O-O
5.Bf1d3 d6
6.O-O Nb8c6
7.c3 h6
8.Nb1d2 e5
9.Bf4g3 Nf6d7
10.Qd1c2 f5
11.dxe5 Nd7xe5
12.Qc2b3 Kh7
13.Bd3c2 Qd8e7
14.Nf3d4 b6
15.Nd2f3 Bc8b7
16.Ra1d1 Ra8d8
17.Qb3e6 Bb7c8
18.Qe6xe7 Nc6xe7
19.Nf3xe5 dxe5
20.Nd4e2 Bc8e6
21.Rd1xd8 Rf8xd8
22.Rf1d1 Rd8xd1
23.Bc2xd1 g5
24.b3 f4
25.exf4 exf4
26.Ne2xf4 gxf4
27.Bg3xf4 Ne7d5
28.c4 Nd5xf4
{ abandon }0-1

[Event "Eq:Pirates du Mat-au plaisir du jeux  :"]
[Site "www.echecsemail.com"]
[Date "2026.02.14"]
[Round "1"]
[White "Chessgaston"]
[Black "Eltche"]
[WhiteElo "2170"]
[BlackElo "2560"]
[Result "0-1"]
1.d4 Ng8f6
2.c4 g6
3.Nb1c3 Bf8g7
4.e4 d6
5.f3 O-O
6.Bc1e3 Nb8d7
7.Bf1d3 c5
8.dxc5 Nd7xc5
9.Bd3c2 Bc8e6
10.Nc3d5 b5
11.Ng1e2 bxc4
12.Ne2c3 Ra8b8
13.Ra1b1 Nf6xd5
14.Nc3xd5 Be6xd5
15.Qd1xd5 Qd8a5
16.Kf2 Qa5xa2
17.Be3d4 e6
18.Qd5xd6 Rf8d8
{ abandon }0-1

[Event "Défi( 10J+24H/c 10J Max )"]
[Site "www.echecsemail.com"]
[Date "2026.02.14"]
[Round "1"]
[White "Pascalou50"]
[Black "Hberlioz"]
[WhiteElo "1840"]
[BlackElo "1660"]
[Result "1-0"]
1.d4 d5
2.Ng1f3 Bc8f5
3.Bc1f4 Ng8f6
4.e3 Nb8c6
5.Bf1d3 Bf5xd3
6.Qd1xd3 e6
7.Nb1d2 Bf8d6
8.Nf3e5 Bd6xe5
9.Bf4xe5 Nc6xe5
10.dxe5 Nf6d7
11.f4 Qd8e7
12.Nd2f3 Nd7c5
13.Qd3e2 f6
14.exf6 gxf6
15.Nf3d4 Nc5e4
16.O-O-O O-O-O
17.Rh1f1 c5
18.Nd4b5 a6
19.Nb5a3 f5
20.Na3b1 b5
21.Nb1d2 Ne4d6
22.b3 e5
23.g3 e4
24.Nd2b1 Qe7f6
25.Qe2d2 Nd6b7
26.Qd2c3 Qf6b6
27.Qc3e5 d4
28.Qe5xf5 Kb8
29.Qf5e5 Ka8
30.exd4 Rh8e8
31.dxc5 Nb7xc5
32.Rd1xd8 Re8xd8
33.Qe5e7 h6
34.b4 Nc5e6
35.f5 Ne6g5
36.h4 Ng5f3
37.Qe7xe4 Ka7
38.Qe4e7 Kb8
39.Rf1xf3 Qb6g1
40.Kb2 Qg1d4
41.c3 Qd4d5
42.Rf3f4 Rd8d7
43.Qe7c5 Qd5g2
44.Qc5f2 Qg2c6
45.Rf4d4 Rd7f7
46.Qf2f4 Kb7
47.Qf4e4 Qc6xe4
48.Rd4xe4 Rf7xf5
49.g4 Rf5f2
50.Kb3 Rf2g2
51.Re4d4 Kc6
52.Nb1d2 { abandon }1-0

[Event "Défi( 10J+24H/c 10J Max )"]
[Site "www.echecsemail.com"]
[Date "2026.02.14"]
[Round "1"]
[White "Speedyfil"]
[Black "Rescator"]
[WhiteElo "1440"]
[BlackElo "1430"]
[Result "0-1"]
1.d4 e6
2.Bc1f4 Bf8d6
3.Bf4xd6 cxd6
4.e3 Ng8f6
5.Ng1f3 h6
6.Nb1d2 a6
7.c4 Qd8a5
8.Bf1d3 Nb8c6
9.O-O Nc6b4
10.Nd2b3 Qa5h5
11.c5 d5
12.Bd3e2 Nf6g4
13.h3 Ng4f6
14.Nf3e5 Qh5h4
15.Ne5f3 Qh4e4
16.Nb3d2 Qe4c2
17.Qd1e1 a5
18.Nf3e5 Nf6e4
19.Nd2xe4 Qc2xe4
20.Be2f3 Qe4h4
21.Qe1e2 Qh4g5
22.Qe2b5 O-O
23.Qb5e2 f6
24.Ne5d3 Qg5f5
25.Nd3f4 Nb4d3
26.Nf4xd3 a4
27.Ra1c1 a3
28.b3 b6
29.c6 Bc8a6
30.Qe2d2 Ba6xd3
31.Rf1e1 dxc6
32.Rc1xc6 Ra8b8
33.Bf3g4 Qf5g6
34.f4 Bd3b5
35.Rc6xe6 Bb5d7
36.f5 Qg6f7
37.Re6d6 h5
38.Bg4e2 Bd7xf5
39.Be2f3 Bf5e4
40.Bf3xe4 dxe4
41.Re1f1 b5
42.Qd2e2 f5
43.Rd6d5 Qf7xd5
44.Qe2xh5 Rb8c8
45.Rf1f4 Rc8c3
46.Rf4h4 Rc3c1
47.Kf2 Rc1c2
48.Kg1 Rc2xa2
49.Qh5h8 Kf7
50.Qh8h5 Kg8
51.b4 Qd5c4
52.Qh5h7 Kf7
53.Qh7xf5 Kg8
54.Qf5xe4 Ra2a1
55.Kh2 Qc4c7
56.Rh4f4 g5
57.Qe4g6 Qc7g7
58.Qg6e6 Kh8
59.Rf4g4 Qg7c7
60.Qe6e5 Qc7xe5
61.dxe5 a2
62.Rg4xg5 Ra1h1
63.Kxh1 a1Q
64.Kh2 Rf8e8
65.Rg5h5 Kg8
66.Rh5g5 Kf7
67.Rg5f5 Kg6
68.Rf5f4 Re8xe5
69.h4 Re5xe3
70.Rf4g4 Kh5
71.Rg4g3 Qa1e5
{ abandon }0-1

[Event "Défi"]
[Site "www.echecsemail.com"]
[Date "2026.02.14"]
[Round "1"]
[White "Wall"]
[Black "Augustin"]
[WhiteElo "1200"]
[BlackElo "1480"]
[Result "1-0"]
1.e4 e5
2.Ng1f3 Nb8c6
3.Bf1b5 Qd8f6
4.O-O Nc6d4
5.Nf3xd4 exd4
6.d3 Bf8d6
7.Nb1d2 Qf6e5
8.Nd2f3 Qe5xb5
9.Nf3xd4 Qb5e5
10.Nd4f3 Qe5e6
11.c3 Ng8f6
12.Rf1e1 O-O
13.e5 Qe6e7
14.Bc1g5 Bd6xe5
15.Re1xe5 Qe7d6
16.h3 Nf6h5
17.Bg5e7 Qd6g6
18.Be7xf8 Kxf8
19.Qd1e2 Nh5f6
20.Ra1e1 { abandon }1-0

[Event "Tournoi n27467"]
[Site "www.echecsemail.com"]
[Date "2026.02.14"]
[Round "1"]
[White "Tiounet"]
[Black "Jlr"]
[WhiteElo "1590"]
[BlackElo "1430"]
[Result "1-0"]
1.a3 c5
2.b4 e6
3.bxc5 Bf8xc5
4.e3 Qd8f6
5.Nb1c3 Nb8c6
6.Bc1b2 Nc6e5
7.Nc3e4 Ne5d3
8.Bf1xd3 Qf6xb2
9.Ng1e2 Bc5xa3
10.Ne4c3 Qb2b4
11.Ne2d4 e5
12.Nd4b5 Ba3b2
13.Qd1b1 Bb2xc3
14.Nb5xc3 Qb4xb1
15.Ra1xb1 Ng8f6
16.O-O d6
17.Nc3b5 O-O
18.Nb5xd6 b6
19.Nd6b5 a6
20.Nb5c3 b5
21.Rb1a1 b4
22.Nc3e4 Nf6xe4
23.Bd3xe4 Ra8a7
24.Ra1a5 Ra7e7
25.Rf1b1 f5
26.Be4d3 e4
27.Bd3c4 Kh8
28.Rb1xb4 Rf8d8
29.d3 Bc8b7
30.Bc4xa6 Bb7xa6
31.Ra5xa6 exd3
32.cxd3 h6
33.d4 Kh7
34.Ra6b6 g6
35.Rb6b7 Rd8d7
36.Rb7xd7 Re7xd7
37.Rb4b5 h5
38.h4 Kh6
39.g3 Rd7c7
40.d5 Rc7c1
41.Kg2 Rc1d1
42.f3 Rd1d2
43.Kh3 Rd2e2
44.Rb5b3 Re2d2
45.e4 fxe4
46.fxe4 Rd2d1
47.Rb3b5 Rd1h1
48.Kg2 Rh1e1
49.Rb5b4 Re1e2
50.Kf3 Re2d2
51.Ke3 Rd2g2
52.Kf3 Rg2d2
53.Rb4b5 Kg7
54.e5 Rd2d3
55.Kf2 Rd3d2
56.Ke3 Rd2g2
57.Kf3 Rg2f2
58.Kxf2 Kf7
59.Rb5b7 Ke8
60.e6 Kf8
61.d6 Ke8
62.Rb7b8 1-0

[Event "Eq:Pirates du Mat-Les Gens du Sud :"]
[Site "www.echecsemail.com"]
[Date "2026.02.14"]
[Round "1"]
[White "Swallow"]
[Black "Xhouks"]
[WhiteElo "2060"]
[BlackElo "2180"]
[Result "0-1"]
1.e4 c5
2.Ng1f3 d6
3.d4 cxd4
4.Nf3xd4 e5
5.Nd4b5 a6
6.Nb5a3 Ng8f6
7.Bc1g5 b5
8.c4 Qd8a5
9.Bg5d2 b4
10.f3 Bc8d7
11.Na3c2 Nb8c6
12.Bf1d3 Qa5b6
13.Qd1e2 a5
14.Bd2e3 Qb6b7
15.Nb1d2 Bf8e7
16.O-O O-O
17.Be3f2 Nf6h5
18.Qe2d1 Nh5f4
19.Nc2e1 Nf4xd3
20.Ne1xd3 f5
21.exf5 Bd7xf5
22.Qd1e2 h6
23.Rf1d1 Nc6d4
24.Qe2f1 a4
25.b3 Be7g5
26.h4 Bg5f6
27.Ra1b1 Nd4e6
28.Qf1e2 Ne6f4
29.Nd2e4 Nf4xe2
{ abandon }0-1

[Event "Tournoi n27471"]
[Site "www.echecsemail.com"]
[Date "2026.02.14"]
[Round "1"]
[White "Wenoketo"]
[Black "Tiounet"]
[WhiteElo "1740"]
[BlackElo "1590"]
[Result "0-1"]
1.d4 b5
2.Ng1f3 Bc8b7
3.e3 a6
4.Bf1e2 g6
5.O-O Bf8g7
6.Nb1d2 Ng8f6
7.c3 O-O
8.h3 d6
9.Ra1b1 Nb8d7
10.a3 c5
11.dxc5 Nd7xc5
12.Nf3d4 Qd8d7
13.Nd4b3 Qd7c6
14.Be2f3 d5
15.Nb3d4 Qc6d7
16.Nd2b3 Nc5e4
17.Bf3xe4 Nf6xe4
18.f3 Ne4g3
19.Rf1f2 e6
20.Nb3c5 Qd7c8
21.Nc5xb7 Qc8xb7
22.Nd4e2 Ng3f5
23.Ne2d4 Nf5d6
24.Bc1d2 Nd6c4
25.Rf2e2 Nc4xd2
26.Re2xd2 Qb7b6
27.Qd1e2 Rf8c8
28.Rb1e1 Rc8c7
29.e4 dxe4
30.Qe2xe4 Ra8c8
31.Re1d1 e5
32.Kh1 exd4
33.Rd2xd4 Bg7xd4
{ abandon }0-1

[Event "Défi( 10J+24H/c 10J Max )"]
[Site "www.echecsemail.com"]
[Date "2026.02.14"]
[Round "1"]
[White "Tunnellavage"]
[Black "Ephixe"]
[WhiteElo "1720"]
[BlackElo "1840"]
[Result "0-1"]
1.e4 e5
2.Ng1f3 Nb8c6
3.g3 Ng8f6
4.Nb1c3 Bf8c5
5.Bf1g2 O-O
6.d3 d5
7.Qd1e2 d4
8.Nc3a4 Bc5d6
9.O-O Bc8g4
10.h3 Bg4h5
11.g4 Bh5g6
12.b3 a6
13.Na4b2 Bd6b4
14.Nb2c4 Rf8e8
15.Bc1g5 h6
16.Bg5h4 b5
17.Nc4d2 Qd8d6
18.Rf1d1 Bb4c3
19.Ra1b1 Nc6b4
20.Nd2f1 Nb4xa2
21.Nf1g3 Bc3b4
22.Ng3f5 Bg6xf5
23.gxf5 Na2c3
24.Qe2f1 Nc3xd1
25.Rb1xd1 Qd6c6
26.Qf1e2 Nf6h5
27.Nf3xe5 Re8xe5
28.Qe2xh5 Qc6xc2
29.f6 Re5xh5
{ abandon }0-1

[Event "Tournoi échelle division 1"]
[Site "www.echecsemail.com"]
[Date "2026.02.14"]
[Round "1"]
[White "Patau"]
[Black "Verson"]
[WhiteElo "1660"]
[BlackElo "1840"]
[Result "1-0"]
1.e4 e6
2.d4 d5
3.exd5 exd5
4.Bf1d3 Ng8f6
5.h3 Bf8d6
6.Qd1f3 O-O
7.Ng1e2 Bc8e6
8.O-O c6
9.Bc1f4 Bd6xf4
10.Ne2xf4 Nb8d7
11.Nf4xe6 fxe6
12.Rf1e1 Nf6e4
13.Qf3e3 Qd8g5
14.Bd3xe4 Qg5xe3
15.Re1xe3 dxe4
16.Re3xe4 Rf8f6
17.Nb1d2 Ra8f8
18.f3 c5
19.Ra1e1 cxd4
20.Re4xd4 Nd7b6
21.Nd2e4 Rf6f7
22.Ne4d6 Rf7d7
23.Re1xe6 Nb6c8
24.c4 Rf8d8
25.c5 Nc8xd6
26.Rd4xd6 Rd7xd6
27.Re6xd6 Rd8xd6
28.cxd6 Kf7
29.Kf2 Ke6
30.Ke3 Kxd6
31.Kd4 g6
32.f4 b6
33.b4 a6
34.a4 h6
35.g4 Ke6
36.h4 h5
37.gxh5 gxh5
38.Ke4 Kf6
39.a5 b5
40.f5 Kf7
41.Ke5 Ke7
42.f6 Kf7
43.Kf5 Kg8
44.Kg6 { abandon }1-0

[Event "Tournoi n27413"]
[Site "www.echecsemail.com"]
[Date "2026.02.14"]
[Round "1"]
[White "Darkknight99"]
[Black "Picasso"]
[WhiteElo "2010"]
[BlackElo "2090"]
[Result "1-0"]
1.e4 c6
2.d3 d5
3.Nb1d2 d4
4.Ng1f3 Bc8g4
5.Bf1e2 c5
6.h3 Bg4h5
7.O-O Nb8c6
8.c3 e5
9.a4 Bf8d6
10.Nd2c4 Ng8f6
11.Bc1g5 h6
12.Bg5h4 g5
13.Bh4g3 Bh5xf3
14.Be2xf3 h5
15.h4 Nf6g4
16.hxg5 Qd8xg5
17.Nc4xd6 { abandon }1-0

[Event "Défi( 10J+24H/c 10J Max )"]
[Site "www.echecsemail.com"]
[Date "2026.02.14"]
[Round "1"]
[White "Ephixe"]
[Black "Tunnellavage"]
[WhiteElo "1820"]
[BlackElo "1720"]
[Result "1-0"]
1.e4 e5
2.f4 Nb8c6
3.d3 Ng8f6
4.Ng1f3 d6
5.Nb1c3 Bc8g4
6.Bf1e2 Bf8e7
7.O-O O-O
8.f5 Bg4xf3
9.Be2xf3 Nc6d4
10.Bc1e3 c6
11.Nc3e2 Nd4xf3
12.Rf1xf3 h6
13.Rf3g3 Kh7
14.Qd1d2 d5
15.exd5 cxd5
16.Rg3h3 Nf6g4
17.Ra1f1 d4
18.Be3f2 Ng4xf2
19.Rf1xf2 Be7g5
20.Qd2d1 Bg5e3
21.Ne2g3 Be3xf2
22.Kxf2 Qd8g5
23.Rh3h5 Qg5e3
24.Kf1 g6
25.Rh5h3 Qe3f4
26.Kg1 gxf5
27.Ng3h5 Qf4g5
28.Rh3g3 Qg5e7
29.Qd1f3 Qe7e6
30.b3 Ra8c8
31.Qf3f2 Rc8c3
32.Nh5g7 Qe6c8
33.Ng7xf5 Rc3xc2
34.Rg3g7 Kh8
35.Qf2h4 Rc2c1
36.Kf2 Qc8c2
37.Kg3 Qc2xd3
38.Kg4 Qd3e4
39.Kh3 Qe4xf5
40.g4 Rc1c3
41.Kg2 Qf5e4
42.Kf2 Rc3f3
43.Kg1 Qe4e3
44.Kh1 Qe3e1
45.Qh4xe1 { abandon }1-0

[Event "Défi( 10J+24H/c 10J Max )"]
[Site "www.echecsemail.com"]
[Date "2026.02.14"]
[Round "1"]
[White "Jlr"]
[Black "Temistocles"]
[WhiteElo "1450"]
[BlackElo "1470"]
[Result "0-1"]
1.e4 a5
2.Ng1f3 c6
3.Nb1c3 b5
4.a4 b4
5.Nc3a2 Qd8b6
6.b3 Ng8f6
7.Bc1b2 Nf6g4
8.Bb2d4 c5
9.Bd4b2 Nb8c6
10.h3 Ng4e5
11.Bb2xe5 Nc6xe5
12.Nf3xe5 Qb6e6
13.f4 f6
14.Bf1c4 Qe6b6
15.Ne5f7 Rh8g8
16.Qd1h5 e6
17.Nf7h6 g6
18.Qh5h4 Bf8xh6
19.Qh4xf6 Rg8f8
20.Qf6h4 Bh6xf4
21.O-O-O Rf8f7
22.g3 Bf4e5
23.Qh4g5 Be5f6
24.Qg5e3 Qb6c6
25.d3 Bc8b7
26.Bc4b5 Qc6c7
27.c3 bxc3
28.Kc2 Bf6d4
29.Qe3g5 Bd4f2
30.Na2xc3 Bf2xg3
31.Rh1g1 Rf7f2
32.Kb1 Bg3f4
33.Qg5f6 Ra8a7
34.Qf6h8 Ke7
35.Qh8xh7 Kf6
36.Qh7h8 Kf7
37.h4 Bf4e5
38.Qh8h7 Ke8
39.Qh7xg6 Ke7
40.Qg6g5 Be5f6
41.Qg5g3 Rf2f4
42.Nc3e2 Rf4xh4
43.Ne2c3 Qc7xg3
44.Rg1xg3 Bf6xc3
45.Rg3g7 Bc3xg7
46.Rd1c1 d6
47.Ka2 Rh4h2
48.Ka3 Bg7b2
49.Ka2 Bb2xc1
50.Kb1 Bc1e3
51.Bb5c4 Ra7a8
52.Bc4b5 Ra8g8
53.Bb5c4 Rg8g1
0-1

[Event "Tournoi n27446"]
[Site "www.echecsemail.com"]
[Date "2026.02.14"]
[Round "1"]
[White "Kaelstrum"]
[Black "Tiounet"]
[WhiteElo "1630"]
[BlackElo "1660"]
[Result "1-0"]
1.e4 a6
2.Ng1f3 b5
3.d4 Bc8b7
4.Bf1d3 Ng8f6
5.Nb1d2 g6
6.b3 Bf8g7
7.Bc1b2 O-O
8.O-O d6
9.c3 Nb8d7
10.Qd1c2 Ra8c8
11.Rf1e1 e6
12.h3 c5
13.dxc5 Nd7xc5
14.Ra1d1 Nc5xd3
15.Qc2xd3 d5
16.exd5 Qd8xd5
17.Qd3e2 Nf6h5
18.c4 bxc4
19.Bb2xg7 Kxg7
20.Nd2xc4 Qd5c5
21.Nf3e5 Nh5f4
22.Qe2b2 Bb7xg2
23.Ne5d7 Kh6
24.Nd7xc5 Rc8xc5
25.Re1e5 Bg2xh3
26.Re5xc5 Bh3g4
27.Rd1e1 f6
28.Re1e3 e5
29.Qb2a3 { abandon }1-0

[Event "Défi"]
[Site "www.echecsemail.com"]
[Date "2026.02.14"]
[Round "1"]
[White "Katastrofic"]
[Black "Jlr"]
[WhiteElo "1510"]
[BlackElo "1440"]
[Result "0-1"]
1.e4 e5
2.Bf1c4 Ng8f6
3.d3 h6
4.h3 g5
5.Ng1f3 Bf8c5
6.Nf3xe5 d5
7.exd5 g4
8.h4 h5
9.g3 Qd8d6
10.O-O O-O
11.Rf1e1 Bc8f5
12.Bc1f4 c6
13.Ne5g6 Bc5xf2
14.Kf1 Qd6c5
15.Re1e2 Bf5xg6
16.Re2xf2 cxd5
17.Bc4b3 Nb8c6
18.a3 Qc5d4
19.Kg1 Qd4xb2
20.c4 Qb2xa1
21.cxd5 Nc6d4
{ abandon }0-1

[Event "Défi"]
[Site "www.echecsemail.com"]
[Date "2026.02.14"]
[Round "1"]
[White "Calcedoine"]
[Black "Jpjay"]
[WhiteElo "1830"]
[BlackElo "1660"]
[Result "0-1"]
1.c3 e5
2.e4 Ng8f6
3.d3 g6
4.Ng1f3 Nb8c6
5.b4 Bf8g7
6.Bc1g5 O-O
7.h3 d6
8.Bf1e2 Nc6e7
9.g4 b5
10.Qd1d2 a6
11.Bg5h6 c5
12.g5 Nf6h5
13.h4 Bg7xh6
14.gxh6 f6
15.Qd2e3 Nh5f4
16.Be2f1 f5
17.Nf3g5 d5
18.exf5 Ne7xf5
19.Qe3xc5 d4
20.Qc5xe5 Rf8e8
21.Qe5xe8 Qd8xe8
22.Ng5e4 dxc3
23.Nb1xc3 Bc8b7
24.O-O-O Ra8d8
25.Ne4f6 Kf7
26.Nf6xe8 Rd8xe8
27.Nc3e4 Kf8
28.Kb2 Re8d8
29.Rh1g1 Bb7xe4
30.Kc3 Be4f3
31.Rd1d2 Nf5xh6
32.Rg1g3 Nf4d5
33.Kb3 Bf3h5
34.Bf1g2 Nh6f5
35.Rg3h3 Nf5d4
36.Ka3 Nd5f4
37.Rh3g3 Nd4f5
38.Rg3g5 Nf5xh4
39.Bg2b7 Rd8b8
40.Bb7e4 Bh5f3
41.Rg5g3 Bf3xe4
42.dxe4 Nf4h5
43.Rg3h3 Nh4g2
44.Kb2 Ng2f4
45.Rh3f3 g5
46.Rf3c3 Nh5f6
47.f3 Ke8
48.Rc3c6 Nf6d7
49.Rc6xa6 Nd7e5
50.Ra6a3 Ne5c4
{ abandon }0-1

[Event "Défi"]
[Site "www.echecsemail.com"]
[Date "2026.02.14"]
[Round "1"]
[White "Claudius94"]
[Black "Gambitmiau"]
[WhiteElo "1800"]
[BlackElo "1450"]
[Result "1-0"]
1.e4 Nb8c6
2.d4 d5
3.exd5 Nc6a5
4.c3 b6
5.Bf1e2 Ng8f6
6.Be2b5 c6
7.dxc6 Qd8d5
8.Bb5a4 Na5xc6
9.c4 Qd5e4
10.Bc1e3 Bc8b7
11.Ng1f3 O-O-O
12.O-O e6
13.Nb1c3 Qe4g4
14.h3 Qg4h5
15.Nc3e2 Bf8d6
16.Qd1c2 Nc6b4
17.Qc2d2 Bb7xf3
18.gxf3 Qh5xh3
19.Be3f4 Qh3xf3
20.Ba4d1 Nf6g4
21.Bf4xd6 Nb4d3
22.Ne2g3 Rd8xd6
23.Bd1xf3 { abandon }1-0

[Event "Défi"]
[Site "www.echecsemail.com"]
[Date "2026.02.14"]
[Round "1"]
[White "Jlouism"]
[Black "Petain"]
[WhiteElo "1590"]
[BlackElo "1710"]
[Result "1-0"]
1.e4 e5
2.Nb1c3 Ng8f6
3.d4 exd4
4.Qd1xd4 d6
5.Bf1c4 Bf8e7
6.Ng1f3 h6
7.O-O c5
8.Qd4e3 O-O
9.Bc1d2 Bc8e6
10.Bc4e2 Qd8b6
11.Nc3a4 Qb6c6
12.b3 b5
13.Na4c3 a6
14.e5 Nf6d7
15.h3 d5
16.Nf3h2 d4
17.Qe3g3 dxc3
18.Bd2xh6 g6
19.Bh6xf8 Be7xf8
20.f4 Qc6e4
21.Be2f3 Qe4d4
22.Kh1 Ra8a7
23.Ra1d1 Qd4b4
24.Nh2g4 c4
25.Ng4f6 Nd7xf6
26.exf6 Bf8h6
27.f5 Qb4f8
28.fxe6 fxe6
29.Qg3xg6 Kh8
30.Bf3h5 Nb8c6
31.f7 Nc6e5
32.Qg6f6 Bh6g7
33.Qf6xe6 Ra7e7
34.Qe6f5 cxb3
35.Rf1f4 bxc2
36.Rd1c1 Ne5d3
37.Rf4h4 Nd3xc1
38.Bh5g4 Bg7h6
39.Qf5f6 Qf8g7
40.Rh4xh6 1-0

[Event "Tournoi n27453"]
[Site "www.echecsemail.com"]
[Date "2026.02.14"]
[Round "1"]
[White "Mb2021"]
[Black "Titi050"]
[WhiteElo "2060"]
[BlackElo "1790"]
[Result "1-0"]
1.Ng1f3 Ng8f6
2.g3 g6
3.Bf1g2 Bf8g7
4.O-O O-O
5.d3 d5
6.Nb1d2 Bc8g4
7.h3 Bg4e6
8.c3 Qd8c8
9.Kh2 c5
10.e4 dxe4
11.dxe4 Rf8d8
12.Qd1e2 Nb8c6
13.Nf3g5 Nc6e5
14.Ng5xe6 Qc8xe6
15.Nd2f3 Rd8d7
16.Bc1f4 Ra8d8
17.Nf3xe5 { abandon }1-0

[Event "Tournoi n27451"]
[Site "www.echecsemail.com"]
[Date "2026.02.14"]
[Round "1"]
[White "Kawa750"]
[Black "Jlr"]
[WhiteElo "1540"]
[BlackElo "1430"]
[Result "1-0"]
1.e4 e5
2.Ng1f3 Qd8f6
3.Nb1c3 Bf8b4
4.Nc3d5 Bb4xd2
5.Bc1xd2 Qf6g6
6.Nd5xc7 Kd8
7.Nc7xa8 Qg6xe4
8.Bf1e2 d6
9.O-O b6
10.Na8xb6 axb6
11.Bd2e3 Nb8d7
12.Qd1xd6 Qe4xc2
13.Be3xb6 Ke8
14.Ra1c1 Nd7xb6
15.Rc1xc2 Ng8e7
16.Rf1d1 Kf8
17.Qd6d8 1-0

[Event "Défi"]
[Site "www.echecsemail.com"]
[Date "2026.02.14"]
[Round "1"]
[White "Solnic"]
[Black "Turbo"]
[WhiteElo "1250"]
[BlackElo "1370"]
[Result "0-1"]
1.h3 d5
2.d4 Nb8c6
3.e3 h6
4.Ng1f3 a6
5.Nb1c3 b5
6.Bf1d3 e6
7.Nf3h4 g5
8.Nh4f3 f5
9.e4 fxe4
10.Nf3e5 Nc6xe5
11.dxe5 c5
12.Bd3e2 Qd8c7
13.Be2h5 Kd7
14.f3 Bc8b7
15.fxe4 Qc7xe5
16.Rh1f1 Qe5g3
17.Rf1f2 Qg3e5
18.Rf2xf8 Ra8xf8
19.Bc1e3 d4
20.Nc3b1 Qe5xe4
21.Qd1e2 dxe3
22.Nb1c3 Qe4f4
23.O-O-O Bb7d5
24.Nc3xd5 exd5
25.Rd1f1 Qf4d6
26.Qe2xe3 Rf8xf1
27.Bh5d1 Qd6f4
28.Qe3xf4 gxf4
29.c3 Ng8f6
30.a3 Rh8e8
31.b3 Re8e1
32.c4 Re1xd1
33.Kc2 bxc4
34.bxc4 Rd1c1
35.Kb2 Rc1b1
36.Kc3 dxc4
37.a4 Rf1c1
38.Kd2 c3
39.Kd3 Rb1a1
40.Kc4 Ra1xa4
41.Kxc5 Nf6e4
42.Kb6 Rc1b1
43.Ka7 Kc7
44.g3 fxg3
45.h4 a5
46.h5 Kd6
47.Ka8 c2
48.Ka7 c1Q
49.Ka8 Qc1c8
50.Ka7 Qc8b7
0-1

[Event "Défi"]
[Site "www.echecsemail.com"]
[Date "2026.02.14"]
[Round "1"]
[White "Jipepe"]
[Black "Castor"]
[WhiteElo "1480"]
[BlackElo "1360"]
[Result "1-0"]
1.e4 c6
2.Ng1f3 d6
3.Bf1e2 e5
4.d4 Qd8e7
5.Bc1g5 f6
6.Bg5h4 g5
7.Bh4g3 Ng8h6
8.d5 f5
9.exf5 Bc8xf5
10.O-O Nb8d7
11.Nb1c3 O-O-O
12.Be2d3 e4
13.Nc3xe4 cxd5
14.Ne4xd6 Kb8
15.Nd6xf5 Ka8
16.Nf5xe7 Bf8xe7
17.Rf1e1 Be7c5
18.Nf3xg5 Nd7f6
19.Qd1f3 Rh8f8
20.Ng5e6 Rd8c8
21.Ne6xf8 Rc8xf8
22.Re1e6 Nh6g8
23.Ra1e1 a6
24.Bd3f5 Ng8h6
25.Bf5d3 Nh6g8
26.Bg3d6 Nf6d7
27.Bd6xf8 Nd7xf8
28.Re6e8 Ka7
29.Qf3xd5 Ng8f6
30.Qd5xc5 b6
31.Qc5c7 1-0

[Event "Défi( 10J+24H/c 10J Max )"]
[Site "www.echecsemail.com"]
[Date "2026.02.14"]
[Round "1"]
[White "Katastrofic"]
[Black "Samjf"]
[WhiteElo "1480"]
[BlackElo "1280"]
[Result "1-0"]
1.e4 d6
2.Bf1c4 Nb8c6
3.a3 Nc6e5
4.Bc4a2 e6
5.d3 c5
6.h3 d5
7.exd5 exd5
8.Ng1f3 Bf8d6
9.Nf3xe5 Bd6xe5
10.O-O Be5c7
11.Rf1e1 Bc8e6
12.c4 Ng8e7
13.Nb1c3 O-O
14.cxd5 Be6f5
15.g4 Bf5g6
16.Qd1f3 Bc7d6
17.Nc3e4 b6
18.Ne4xd6 Qd8xd6
19.Bc1f4 Qd6f6
20.Ra1b1 Ne7c8
21.Qf3g3 Bg6xd3
22.Bf4e5 Qf6e7
23.d6 Qe7d7
24.Qg3xd3 a6
25.Ba2d5 Ra8a7
26.Rb1d1 b5
27.Bd5a2 g6
28.Be5f4 Nc8b6
29.Bf4h6 Rf8c8
30.Qd3c3 Nb6a4
31.Qc3g7 1-0

[Event "Tournoi n27416"]
[Site "www.echecsemail.com"]
[Date "2026.02.14"]
[Round "1"]
[White "Domenico"]
[Black "Estrafolis"]
[WhiteElo "1790"]
[BlackElo "1650"]
[Result "1/2-1/2"]
1.e4 c5
2.Bf1c4 e6
3.Ng1f3 Nb8c6
4.O-O d6
5.c3 Bc8d7
6.d4 cxd4
7.Nf3xd4 Ng8f6
8.Qd1e2 Bf8e7
9.Bc1e3 Nf6xe4
10.f3 Ne4f6
11.Nb1d2 d5
12.Bc4b3 Nc6xd4
13.Be3xd4 O-O
14.c4 dxc4
15.Bb3xc4 Qd8c7
16.b3 Be7d6
17.Bd4xf6 Bd6xh2
18.Kh1 gxf6
19.Nd2e4 Bh2e5
20.Ra1c1 Bd7c6
21.Qe2f2 Bc6xe4
22.fxe4 Qc7b6
23.Qf2h4 Rf8d8
24.Rc1c2 Qb6e3
25.Rc2f2 Qe3g5
26.Qh4h3 Rd8d7
27.Bc4xe6 Rd7d2
28.Rf2xd2 Qg5xd2
29.Be6c4 Ra8d8
30.Qh3h5 Qd2d7
31.Rf1f5 Qd7d1
32.Qh5xd1 Rd8xd1
33.Rf5f1 Rd1d2
34.a4 Kg7
35.g4 h5
36.gxh5 Rd2h2
37.Kg1 Rh2xh5
38.Rf1d1 Rh5h4
39.Rd1d7 Rh4xe4
40.Bc4xf7 Re4g4
41.Kf1 Rg4b4
42.Bf7d5 Kg6
43.Rd7xb7 Rb4xb7
44.Bd5xb7 a5
45.Ke2 Be5c3
46.Kf3 Kf5
47.Bb7d5 Ke5
48.Bd5c4 f5
49.Bc4g8 f4
{ nul }1/2-1/2

[Event "Défi"]
[Site "www.echecsemail.com"]
[Date "2026.02.14"]
[Round "1"]
[White "Speedyfil"]
[Black "Solnic"]
[WhiteElo "1430"]
[BlackElo "1250"]
[Result "1-0"]
1.d4 d5
2.Bc1f4 e6
3.a3 Ng8f6
4.Nb1d2 Nf6g4
5.Ng1f3 Qd8f6
6.e3 g5
7.Bf4xc7 Nb8c6
8.Bf1e2 Qf6e7
9.Bc7g3 Nc6a5
10.Be2b5 Bc8d7
11.a4 a6
12.Bb5d3 Bf8g7
13.b3 e5
14.c4 exd4
15.e4 O-O-O
16.h3 Ng4e5
17.Qd1c2 Bg7h6
18.cxd5 Kb8
19.Bg3xe5 Ka7
20.Be5xd4 b6
21.Qc2c7 Ka8
22.Bd4xb6 Na5c6
23.dxc6 Bd7xc6
24.Qc7xe7 Rd8d7
25.Qe7c5 Rh8c8
26.Bd3xa6 Rc8b8
27.Qc5xc6 Rd7b7
28.Ba6xb7 Rb8xb7
29.a5 g4
30.a6 { abandon }1-0

[Event "Tournoi n27455"]
[Site "www.echecsemail.com"]
[Date "2026.02.14"]
[Round "1"]
[White "Raymar"]
[Black "Hermite"]
[WhiteElo "1530"]
[BlackElo "1510"]
[Result "1-0"]
1.e4 e5
2.Ng1f3 d6
3.Nb1c3 Ng8f6
4.Bf1b5 Bc8d7
5.Bb5c4 h6
6.d3 Bf8e7
7.O-O a6
8.Bc1e3 b5
9.Bc4d5 c6
10.Bd5b3 Nf6g4
11.Be3d2 d5
12.exd5 cxd5
13.Nc3xd5 Be7d6
14.h3 Ng4f6
15.Nd5xf6 Qd8xf6
16.Bb3d5 Bd7c6
17.Bd5xc6 Nb8xc6
18.Qd1e1 O-O
19.c3 Rf8e8
20.b4 e4
21.dxe4 Re8e6
22.Qe1b1 Ra8e8
23.Rf1e1 Nc6e5
24.Re1e3 Ne5xf3
25.Re3xf3 Qf6h4
26.Qb1b3 Re8f8
27.Qb3d5 Bd6c7
28.Ra1e1 Rf8d8
29.Qd5b7 f6
30.Qb7xc7 Rd8xd2
31.Qc7c8 Kf7
32.e5 Qh4g5
33.Qc8c7 Kg6
34.Rf3g3 Qg5xg3
35.fxg3 Rd2xa2
36.Qc7d7 Kf5
37.g4 { abandon }1-0

[Event "Eq:Pirates du Mat-La Diagonale du Fou :"]
[Site "www.echecsemail.com"]
[Date "2026.02.14"]
[Round "1"]
[White "Rackam"]
[Black "Tahar"]
[WhiteElo "2050"]
[BlackElo "2030"]
[Result "1/2-1/2"]
1.e4 e5
2.Ng1f3 Ng8f6
3.Nb1c3 Bf8b4
4.Bf1c4 d6
5.a3 Bb4a5
6.O-O c6
7.b4 Ba5c7
8.Rf1e1 O-O
9.d4 Rf8e8
10.dxe5 dxe5
11.Bc1g5 Bc8g4
12.h3 Qd8xd1
13.Ra1xd1 Bg4xf3
14.gxf3 Nf6h5
15.Kh2 Kf8
16.Nc3e2 f6
17.Bg5e3 b6
18.Bc4b3 Re8e7
19.a4 Nb8d7
20.Rd1d2 g5
21.Re1d1 Ra8d8
22.Bb3e6 Ke8
23.Be6g4 Nh5g7
24.Ne2g3 Nd7f8
25.Ng3f5 Rd8xd2
26.Rd1xd2 Ng7xf5
27.Bg4xf5 h6
28.h4 Nf8e6
29.hxg5 fxg5
30.a5 Ne6d4
31.Bf5g6 Kf8
32.Kg2 Kg7
33.Be3xd4 Kxg6
34.axb6 axb6
35.Bd4b2 h5
36.c4 h4
37.Kh3 Kh5
38.Rd2d3 Re7f7
39.b5 c5
40.Kg2 { nul }1/2-1/2

[Event "Défi"]
[Site "www.echecsemail.com"]
[Date "2026.02.14"]
[Round "1"]
[White "Jpjay"]
[Black "Bibisept"]
[WhiteElo "1660"]
[BlackElo "1960"]
[Result "0-1"]
1.e4 c6
2.Ng1f3 d5
3.exd5 cxd5
4.d4 Ng8f6
5.Bf1b5 Bc8d7
6.Bb5xd7 Nb8xd7
7.O-O e6
8.Bc1g5 Qd8b6
9.b3 Bf8d6
10.Nb1c3 Bd6b4
11.Nc3a4 Qb6a6
12.Ra1c1 Bb4a3
13.Rc1b1 Ra8c8
14.Nf3e5 O-O
15.h3 Nd7xe5
16.dxe5 Nf6e4
17.Bg5e3 b5
18.Na4b2 Ne4c3
19.Qd1e1 Nc3xb1
20.Qe1xb1 Rf8d8
21.Be3c1 Rc8c7
22.Nb2d3 Ba3e7
23.Bc1d2 Rd8c8
24.c3 Qa6b6
25.Bd2e3 Qb6c6
26.Be3d4 a5
27.Nd3f4 Be7c5
28.Nf4e2 Qc6b6
29.Qb1e1 b4
30.Kh1 bxc3
31.Qe1xc3 Bc5xd4
32.Qc3xd4 Qb6b5
33.Qd4g4 Rc7c2
34.Rf1e1 Rc2d2
35.Ne2d4 Qb5c5
36.Re1e3 Rd2xd4
37.Qg4g5 Qc5c1
38.Kh2 Rd4e4
39.Re3g3 Qc1xg5
40.Rg3xg5 Re4e2
{ abandon }0-1

[Event "Coupe Niveau 3"]
[Site "www.echecsemail.com"]
[Date "2026.02.14"]
[Round "1"]
[White "Woluwe1975"]
[Black "Elghribi"]
[WhiteElo "1650"]
[BlackElo "1910"]
[Result "0-1"]
1.Ng1f3 Ng8f6
2.d4 g6
3.g3 Bf8g7
4.c4 O-O
5.Bf1g2 d6
6.Nb1c3 c6
7.e4 Nb8d7
8.O-O e5
9.Bc1g5 h6
10.Bg5e3 Nf6e8
11.dxe5 Nd7xe5
12.Nf3xe5 Bg7xe5
13.Qd1c2 Be5g7
14.Ra1d1 Qd8e7
15.f4 f5
16.b3 fxe4
17.Nc3xe4 Bc8f5
18.g4 Bf5xg4
19.Rd1d2 Bg4f5
20.Rf1d1 d5
21.cxd5 Ne8d6
22.dxc6 Nd6xe4
23.Qc2c4 Kh7
24.Bg2xe4 Qe7xe4
25.Qc4xe4 Bf5xe4
26.cxb7 Be4xb7
27.Rd2d7 Bb7c6
28.Rd7c7 Rf8c8
29.Rc7e7 Rc8e8
30.Be3c5 Re8xe7
31.Bc5xe7 Ra8e8
32.Be7c5 Bg7f6
33.Rd1d6 Re8e1
34.Kf2 Bf6h4
0-1